000 00689nam a2200253Ia 4500
001 AUWbook001009
003 BDCtgAUW
005 20260406154946.0
008 220908s9999 xx 000 0 eng d
020 _a0806117087
040 _aBDCtgAUW
_cBDCtgAUW
050 _aDR729.D6
100 1 _aDowney, Glanville.
_97770
245 0 _aConstantinople in the age of justinian.
250 _aFirst edition.
260 _aNorman,University of Oklahoma Press, 1960 :
_b,
490 1 _aThe Centers of civilization series
650 0 _aIstanbul (Turkey)
_xHistory
_xTo 1453.
_979525
650 0 _aWorld history.
887 _a BRAC
_22982
888 _22982
942 _cBK
_2lcc
945 _cBK
999 _c17037
_d17037